00813nam a2200217Ia 4500003000900000008004100009040001300050040001300063041000800076100002600084245004000110250001000150260001200160260000900172300001200181490000600193600016500199942000700364999001700371952020700388IT-RoPAU120407s9999 xx 000 0 und d aIT-RoPAU cIT-RoPAU afra aGiuliano di Vézelay aSermons. (testo latino - francese). aParis aDu Cerf c1972 c19,5 cm v2 a" t. 1° Sermons 1 - 16 p. 1-343 (Sources C. , 192). t. 2° Sermons 17-27 p. 354 682 (Sources C., 193)." cBK c17262d17262 00102ddc406276_800000000000000_319271aPAULUSbPAULUSd2012-04-11l0o276.8.3192r2012-04-11 00:00:00w2012-04-11yBKzInserito da: Anna In data: 12 settembre 2011 fondo: Via A.Severo 56 Progr:32717